| 000 | 00710nac a22002171u 4500 | ||
|---|---|---|---|
| 010 | _a 2003068905 | ||
| 020 | _a0131424246 | ||
| 082 | 0 | 0 |
_a627 _bMCC |
| 090 |
_c7818 _d7818 |
||
| 100 | _aMcCuen, Richard H., | ||
| 245 | 1 | 0 |
_aHydrologic analysis and design / _cRichard H. McCuen. |
| 250 | _a3rd ed. | ||
| 260 |
_aUpper Saddle River, N.J. : _bPearson Prentice Hall,c2005. _cc2005. |
||
| 300 |
_axix, 859 p. : _bill., maps ; _c24 cm. |
||
| 500 | _aDistributer: Baccah. | ||
| 504 | _aIncludes bibliographical references (p. 847-852) and index. | ||
| 511 | _aCatalogued By:Mahitab. | ||
| 650 | 0 | _aHydraulic engineering. | |
| 650 | 0 | _aHydrology. | |
| 942 |
_cTB _k627MCC |
||
| 999 |
_c7818 _d7818 |
||